LIBRARY & INFORMATION CENTRE, KCAET, TAVANUR

ONLINE PUBLIC ACCESS CATALOGUE (OPAC)

Normal view MARC view
  • Kirpal , Singh .

Entry Personal Name

Number of records used in: 2

001 - CONTROL NUMBER

  • control field: 3085

003 - CONTROL NUMBER IDENTIFIER

  • control field: OSt

005 - DATE AND TIME OF LATEST TRANSACTION

  • control field: 20180521115118.0

008 - FIXED-LENGTH DATA ELEMENTS

  • fixed length control field: 180521|| aca||aabn | a|a d

040 ## - CATALOGING SOURCE

  • Original cataloging agency: OSt
  • Transcribing agency: OSt

100 ## - HEADING--PERSONAL NAME

  • Personal name: Kirpal , Singh .

670 ## - SOURCE DATA FOUND

  • Source citation: Work cat.: (OSt): Kirpal , Singh ., Automobile engineering , Vol.1, 2017
free website counter